| 000 | 00698nam a2200205 i 4500 | ||
|---|---|---|---|
| 001 | 47044 | ||
| 003 | ES-MaACL | ||
| 005 | 20250823085842.0 | ||
| 007 | t| | ||
| 008 | 030403s1954 pr ||||1| spa d | ||
| 110 | 1 |
_aPuerto Rico. _96270 |
|
| 240 | 1 | 0 | _aConstitución |
| 245 | 1 | 3 |
_aLa Nueva Constitución de Puerto Rico _b: informes a la Convención Constituyente / _cintroducción de Carl J. Friedrich. |
| 260 |
_aPuerto Rico : _bUniversidad de Puerto Rico, _c[1954] ( _eMadrid : _fOgrama) |
||
| 300 |
_aXIX, 609 p. ; _c24 cm. |
||
| 700 | 1 |
_aFriedrich, Carl J. _952645 |
|
| 710 | 2 |
_aUniversidad de Puerto Rico _97273 |
|
| 852 |
_aES-MaACL _jC-8346 _bR.36599 |
||
| 999 |
_c47044 _d47044 |
||